|
|
|
|
| LEADER |
00000nkm a2200000 a 4500 |
| 001 |
vtls010689712 |
| 003 |
SK-MaSNL |
| 005 |
20260331210144.0 |
| 007 |
kf bo |
| 008 |
231206s1969 xo g kuslo |
| 015 |
|
|
|a SNBG
|
| 035 |
|
|
|a C21540F9-A411-47BB-8B3F-8C832DCF5121
|
| 035 |
|
|
|a urn:nbn:sk:snk-kmxxzz
|
| 035 |
|
|
|a urn:nbn:sk:snk-km004xbb
|
| 040 |
|
|
|a SNK
|b slo
|c SNK
|e AACR2
|
| 041 |
0 |
|
|a slo
|
| 043 |
|
|
|a e-xo---
|
| 044 |
|
|
|a xo
|c SK
|
| 080 |
|
|
|a 908(437.6)
|2 2001
|
| 080 |
|
|
|a (084.121)
|2 2001
|
| 080 |
|
|
|a 911.2(23.0)
|2 2001
|
| 080 |
|
|
|a 627.8
|2 2001
|
| 080 |
|
|
|a 551.435.14(282.3)
|2 2001
|
| 100 |
1 |
|
|a Deneš, Ladislav,
|d 1936-
|4 pht
|9 39475
|
| 245 |
1 |
0 |
|a Slovenský raj
|h grafika
|b Roklina Piecky-Veľký vodopád : hotel a prístavište na Hnileckej priehrade : Hnilecká priehrada : Roklina Veľký sokol - Veľký vodopád
|c foto L. Deneš
|
| 260 |
|
|
|a Bratislava
|b Pressfoto
|c 1969
|
| 300 |
|
|
|a 1 pohľadnica (4 čiastkové pohľady)
|b čiernobiela
|c 11 x 22 cm
|
| 650 |
0 |
7 |
|a pohoria
|2 SNKPH
|9 44054
|
| 650 |
0 |
7 |
|a priehrady
|2 SNKPH
|9 21151
|
| 650 |
0 |
7 |
|a vodopády
|2 SNKPH
|9 55574
|
| 651 |
|
7 |
|a Slovenský raj (Slovensko : pohorie)
|2 SNKPH
|9 65478
|
| 651 |
|
7 |
|a Piecky (Slovenský raj, Slovensko)
|2 SNKPH
|9 59077
|
| 651 |
|
7 |
|a Palcmanská Maša (Slovensko : vodná nádrž)
|2 SNK
|9 58759
|
| 651 |
|
7 |
|a Veľký Sokol (Slovenský raj, Slovensko)
|2 SNKPH
|9 59064
|
| 655 |
|
7 |
|a miestne pohľadnice
|2 SNKPH
|9 70510
|
| 852 |
|
|
|a Slovenská národná knižnica
|
| 958 |
|
|
|a GC
|
| 958 |
|
|
|a GBN
|
| 958 |
|
|
|a OND
|
| 999 |
|
|
|c 1185646
|d 1187576
|
| 952 |
|
|
|a SNK
|b SNK
|y PREZ
|7 0
|p 17A1140872
|o snkSP 859
|0 0
|1 0
|4 0
|d 2015-07-01
|f 1
|l 0
|r 2026-02-24 21:54:18
|w 2026-02-24
|